1-100 random things Quiz Stats

 Plays Quiz not verified by Sporcle

Challenge
Share
Tweet
Embed
Score 0/100 Timer 10:00
0 Plays Today
Question Number % Correct
10 times 990
62.7%
10 x 10 -10 +191
61.9%
A dozen12
61.6%
A quarter of a century25
61.6%
The date in October that is Halloween31
60.8%
Roman numeral is X10
60.4%
Unlucky number for most13
60.4%
7 x 856
60.4%
100 minus 1189
60.4%
Get your kicks on Route ??66
60.1%
A Century100
60.1%
9 times 872
60.1%
7 times 535
59.7%
100 minus 4654
58.2%
3 nines27
57.1%
19 x 238
56.3%
Number of letters in the English Alphabet26
56%
Number of cards in a deck-plus one53
54.5%
The number of days in June30
52.2%
Numero Uno01
51.9%
Pontoon or Blackjack21
51.9%
Roman Numeral is LXX70
50.7%
The B??'s sang about a Love Shack52
50.7%
Princess Diana died in 19??97
50.7%
George Orwell wrote about 19??84
50.4%
A Pair02
49.6%
Number of players in a soccer team11
49.3%
San Francisco's American Football team.49
48.5%
Number of dwarves07
47.4%
Sides on a square04
47.4%
Wheels on a tricycle03
47%
4 Score80
46.3%
264 divided by 644
45.5%
Ocho,Huit,Acht,Otto however you say it its still ?08
44.4%
Question Number % Correct
Number of red balloons Nena had99
44%
Number of letters in the state capital of Texas06
43.7%
Bullseye50
43.7%
The year Micheal Jacksons Thriller video Premiered on MTV was 19??83
43.7%
Atlanta held the Summer Olympics in 19??96
43.3%
Ladies dancing in the 12 days of Christmas09
42.9%
A score and 3 then double it!46
42.5%
Average number of teeth in a human mouth32
42.5%
Roman Numeral is V 05
42.2%
A Score20
42.2%
??-Stay Alive!!55
42.2%
Two dozen 24
42.2%
Number of letters in the word Supercalifragilisticexpialidocious34
41.4%
Number of letters in the word Antidisestablishmentarianism 28
41.4%
In biology, if a cell divides itself in half every 30 minutes, you will have ?? cells in 2 hours. 16
40.7%
Heinz Varieties57
40.3%
Retirement age in the UK (For now)65
39.6%
Treble 13 plus double 20 79
39.6%
Maximum number of golf clubs allowed in a bag during a round14
38.4%
Treble 12 plus double 1362
37.7%
The number of seconds in the last minute of 200861
36.6%
Hours Nick Nolte and Eddie Murphy had48
36.6%
Highest you can score in one dart60
35.8%
3 score minus 159
35.8%
Usa for Africa recorded We are the World in 19??85
35.4%
Teenage song by Taylor Swift15
35.1%
Commodore ?? 8 bit home computer introduced in 198264
30.6%
Two score and 141
29.5%
The ?? st State Film starring Samuel L Jackson51
29.5%
The answer to life,the Universe and everything42
28.7%
The age Marilyn Monroe died at36
28%
Number between 1 and 4 on a dartboard18
27.6%
The speed a 7 inch vinyl single plays at? (RPM)45
27.2%
Number between 2 and 3 on a dartboard17
25.7%
Question Number % Correct
Windows operating system codenamed Memphis98
23.5%
Two fat ladies BINGO!!88
22%
The number of years it takes Haleys Comet to return76
21.6%
Number of NFL Teams not beginning with a vowel29
20.1%
Two little ducks22
19.8%
Number of steps John Buchan wrote about39
18.7%
Windows operating system codenamed Chicago95
18.7%
The age Queen Victoria was when she died81
17.9%
Number of letters in the Cyrillic alphabet (Russian)33
17.5%
19?? The year the USA held its first Soccer World Cup.94
16.8%
Flight Number of one hijacked planes on 9/11 93
16.4%
138.89 pounds is equal to ??Kg63
15.7%
The age Mahatma Gandhi lived to78
14.9%
The Manchester United Munich air crash was in 19??58
14.6%
Sunset strip77
14.2%
Paul Hardcastle song about the Vietnam war19
13.4%
19?? Song by James Blunt73
13.1%
Maximum break in snooker minus 10047
12.3%
China was admitted to the UN in 19??71
12.3%
Number of teams in the English Football leagues92
11.6%
The number of days subtracted from a year to give a period of human gestation86
9%
In this year AD St Peter was executed in Rome67
7.5%
Australian unlucky number (in Cricket)87
7.1%
The Connells sang about this number along with another74
7.1%
The other Connells number75
6.3%
Chemical number for Lead82
6.3%
The number of guns The Alarm sang about68
6%
The ?? Enigma23
5.6%
The Chemical Number for Thulium69
5.2%
Psalm used by U2 often to close a show40
4.5%
Licor ?? the Spanish Smooth Temptation43
4.5%
(According to Guiness) The most ever entries in a pantomime costume 100 metre race37
4.5%

You're not logged in!

Compare scores with friends on all Sporcle quizzes.
OR
Log In

You Might Also Like...

Show Comments

Extras

Created Oct 20, 2010ReportNominate
Tags:Numbers Quiz, note, single, zero

Top Quizzes Today


Score Distribution

Your Account Isn't Verified!

In order to create a playlist on Sporcle, you need to verify the email address you used during registration. Go to your Sporcle Settings to finish the process.

Report this User

Report this user for behavior that violates our Community Guidelines.

Details: